UBT Library

ASTRONOMY TODAY (Record no. 27062)

000 -LEADER
fixed length control field 00282nam a22001337a 4500
008 - FIXED-LENGTH DATA ELEMENTS--GENERAL INFORMATION
fixed length control field 170911b xxu||||| |||| 00| 0 eng d
020 ## - INTERNATIONAL STANDARD BOOK NUMBER
International Standard Book Number 9780132400855
041 ## - LANGUAGE CODE
Language code of text/sound track or separate title eng
080 ## - UNIVERSAL DECIMAL CLASSIFICATION NUMBER
Universal Decimal Classification number 52
100 ## - Rafti
Rafti 42
101 ## - Shkurtesa
Shkurtesa AST
245 ## - TITLE STATEMENT
Title ASTRONOMY TODAY
Statement of responsibility, etc CHAISSON
942 ## - ADDED ENTRY ELEMENTS (KOHA)
Source of classification or shelving scheme
Item type Books
Holdings
Withdrawn status Lost status Source of classification or shelving scheme Damaged status Not for loan Collection code Permanent location Current location Shelving location Date acquired Total Checkouts Full call number Barcode Date last seen Price effective from Koha item type
          Koleksioni i përgjithshem UBT - Lipjan UBT - Lipjan Koleksioni i përgjithshem 09/11/2017   52 CHAI 002-2922909 09/11/2017 09/11/2017 Books
          Koleksioni i përgjithshem UBT - Lipjan UBT - Lipjan Koleksioni i përgjithshem 09/11/2017   52 CHAI 002-2922908 09/11/2017 09/11/2017 Books
          Koleksioni i përgjithshem UBT - Lipjan UBT - Lipjan Koleksioni i përgjithshem 09/11/2017   52 CHAI 002-2922907 09/11/2017 09/11/2017 Books
          Koleksioni i përgjithshem UBT - Lipjan UBT - Lipjan Koleksioni i përgjithshem 09/11/2017   52 CHAI 002-2922913 09/11/2017 09/11/2017 Books
          Koleksioni i përgjithshem UBT - Lipjan UBT - Lipjan Koleksioni i përgjithshem 03/10/2021   521 MCM 002-7002493 03/10/2021 03/10/2021 Books
          Koleksioni i përgjithshem UBT - Lipjan UBT - Lipjan Koleksioni i përgjithshem 09/11/2017   52 MCM 002-7002492 03/10/2021 09/11/2017 Books
UBT Library © 2015-2024. All rights reserved University Education for Business and Technology